00583nam a22002177a 450000500170000001000110001702000100002803500110003803700160004904000120006508200150007710000220009224500600011426000520017427000110022630000280023749000290026550000230029465000200031765000280033720170124105940.0 a441015 c00.00 a441015 bCen Lib/Ret aDPLbEN a280.2bGRE aGreenless, Duncan aThe gospel of the mystic christ /cby Duncan Greenless  aAdyar bThe Theosophical Publishing Housec1994 bAdyar  aclxxvi, 296p.c17cm(Hb) aThe world gospel series  aIncludes glossary  aGospel of Jesus aLife -- Spiritual path